Love your heart / (Record no. 8416)

MARC details
000 -LEADER
fixed length control field 01438cam a2200385 a 4500
001 - CONTROL NUMBER
control field 8416
003 - CONTROL NUMBER IDENTIFIER
control field FISKH
005 - DATE AND TIME OF LATEST TRANSACTION
control field 20250910161532.0
008 - FIXED-LENGTH DATA ELEMENTS--GENERAL INFORMATION
fixed length control field 090424s2010 tnua b 000 1 eng
010 ## - LIBRARY OF CONGRESS CONTROL NUMBER
LC control number 2009015562
020 ## - INTERNATIONAL STANDARD BOOK NUMBER
International Standard Book Number 9781400314737
Qualifying information hardcover
035 ## - SYSTEM CONTROL NUMBER
System control number 15712358
040 ## - CATALOGING SOURCE
Original cataloging agency DLC
Transcribing agency DLC
Modifying agency DLC
Language of cataloging eng
050 00 - LIBRARY OF CONGRESS CALL NUMBER
Classification number PZ7.M478538
Item number Lov 2010
082 ## - DEWEY DECIMAL CLASSIFICATION NUMBER
Classification number 398.2
100 1# - MAIN ENTRY--PERSONAL NAME
Personal name McGraw, Tim.
245 10 - TITLE STATEMENT
Title Love your heart /
Statement of responsibility, etc. Tim McGraw & Tom Douglas ; illustrated by Abigail Marble.
260 ## - PUBLICATION, DISTRIBUTION, ETC.
Place of publication, distribution, etc. Nashville, Tenn. :
Name of publisher, distributor, etc. Tommy Nelson,
Date of publication, distribution, etc. 2010.
300 ## - PHYSICAL DESCRIPTION
Extent 30 unnumbered pages :
Other physical details color illustrations ;
Dimensions 29 cm
500 ## - GENERAL NOTE
General note "Tim McGraw's love your heart."
500 ## - GENERAL NOTE
General note "Foreword by Faith Hill, Gracie, Maggie & Audrey McGraw"--Jkt.
505 ## - FORMATTED CONTENTS NOTE
Formatted contents note J<br/>
520 ## - SUMMARY, ETC.
Summary, etc. Katie's father helps her choose one of her many skills to display in a school talent show, but on the night of the contest she puts aside her desire to win and helps a friend, instead.
521 8# - TARGET AUDIENCE NOTE
Target audience note 450<br/>
Source Lexile AD<br/>
521 8# - TARGET AUDIENCE NOTE
Target audience note J<br/>
Source Raz-Plus<br/>
650 #1 - SUBJECT ADDED ENTRY--TOPICAL TERM
Topical term or geographic name entry element Talent shows
Form subdivision Fiction.
650 #1 - SUBJECT ADDED ENTRY--TOPICAL TERM
Topical term or geographic name entry element Fathers and daughters
Form subdivision Fiction.
650 #1 - SUBJECT ADDED ENTRY--TOPICAL TERM
Topical term or geographic name entry element Conduct of life
Form subdivision Fiction.
655 #7 - INDEX TERM--GENRE/FORM
Genre/form data or focus term Fiction.
Source of term lcgft
Authority record control number or standard number https://id.loc.gov/authorities/genreForms/gf2014026339
700 1# - ADDED ENTRY--PERSONAL NAME
Personal name Douglas, Tom,
Dates associated with a name 1953-
Relator term Author
700 1# - ADDED ENTRY--PERSONAL NAME
Personal name Marble, Abigail,
Relator term illustrator
906 ## - LOCAL DATA ELEMENT F, LDF (RLIN)
a 7
b cbc
c orignew
d 1
e ecip
f 20
g y-gencatlg
942 ## - ADDED ENTRY ELEMENTS (KOHA)
Source of classification or shelving scheme Dewey Decimal Classification
Koha item type Books
Suppress in OPAC No
Holdings
Withdrawn status Lost status Source of classification or shelving scheme Damaged status Not for loan Collection Home library Current library Shelving location Date acquired Total Checkouts Full call number Barcode Date last seen Date last checked out Copy number Price effective from Koha item type
    Dewey Decimal Classification     Juvenile Fiction Footprints International School Library Network Toul Tom Poung Campus Footprints International School Library Network Toul Tom Poung Campus TTP Primary Dark Blue Bookshelves 09/10/2025 1 MCG 398.2 PZ7.M478538 L FISBK00457 12/12/2025 11/28/2025 1 09/10/2025 Books